Statystyki dla 10 najpopularniejszych imion dla dziewczyn

Kliknij tutaj aby rozwiązać quiz!

Ogólne statystyki

  • Ten quiz został rozwiązany 50 razy
  • Średni wynik to 5 z 10

Statystyki odpowiedzi

HintOdpowiedź% Poprawnych
2138 nadańJulia
79%
2489 nadańZuzanna
79%
2389 nadańHanna
62%
1983 nadańOliwia
62%
2626 nadańZofia
62%
2255 nadańMaja
55%
1586 nadańMaria
45%
1798 nadańAlicja
40%
2450 nadańLaura
32%
1844 nadańPola
28%

Rozkład punktacji

Percentyl według liczby udzielonych odpowiedzi

Procent ludzi z każdym wynikiem

Twoja historia wyników

Nie rozwiązałeś tego quizu